Nová verzia informačného systému eForms
Úrad pre verejné obstarávanie aktualizoval od augusta 2025 v rámci informačného systému elektronickej platformy verejného obstarávania (iS epVO) elektronické formuláre eForms na novú verziu 1.13. V nasledujúcom príspevku autorka informuje, čo aktualizovaná verzia prináša.
Salvato in:
| Autore principale: | |
|---|---|
| Natura: | Capitolo di libro |
| Lingua: | slovacco |
| Soggetti: | |
| Tags: |
Nessun Tag, puoi essere il primo ad aggiungerne!!
|
MARC
| LEADER | 00000naa a2200000 4500 | ||
|---|---|---|---|
| 001 | 0312574 | ||
| 005 | 20251002123544.7 | ||
| 041 | 0 | |a slo | |
| 044 | |a SK | ||
| 245 | 1 | 0 | |a Nová verzia informačného systému eForms |c Magdaléna Scheberová |
| 520 | |a Úrad pre verejné obstarávanie aktualizoval od augusta 2025 v rámci informačného systému elektronickej platformy verejného obstarávania (iS epVO) elektronické formuláre eForms na novú verziu 1.13. V nasledujúcom príspevku autorka informuje, čo aktualizovaná verzia prináša. | ||
| 610 | 2 | 0 | |a systémy informačné |
| 610 | 2 | 0 | |a obstarávanie verejné |
| 610 | 2 | 0 | |a platformy digitálne |
| 610 | 2 | 0 | |a formuláre |
| 610 | 2 | 0 | |a zákazky |
| 100 | 1 | |a Scheberová, Magdaléna | |